Výsledky automatizácie knižničnej a informačnej činnosti v ÚPK ŠIC v Nitre

Bibliographic Details
Main Author: Guľa, Ján, 1943- (Author)
Format: Article
Language:Slovak
Subjects:

MARC

LEADER 00000nab a2200000 a 4500
001 vtls000082572
003 SK-MaSNL
005 20260304013342.0
008 111031c1981 xo 0 slo
015 |a SNBRA19rr/mm-uuuuu 
035 |a CL0092674 
040 |a SNKBUCL  |b slo  |c SNKBUCL  |e AACR2 
041 0 |a slo 
044 |a xo  |c SK 
080 |a 025.52  |2 1981 
080 |a 026  |2 1981 
080 |a 63(437.6 Nitra)  |2 1981 
080 |a 002.6  |2 1981 
080 |a 681.3(437.6)  |2 1981 
100 1 |a Guľa, Ján,  |d 1943-  |4 aut  |9 37836 
245 1 0 |a Výsledky automatizácie knižničnej a informačnej činnosti v ÚPK ŠIC v Nitre  |c Ján Guľa 
610 2 7 |a Vysoká škola poľnohospodárska v Nitre.  |b Ústredná pôdohospodárska knižnica  |2 snkbucl  |9 188654 
650 0 7 |a služby bibliograficko-informačné  |2 snkbucl  |9 921860 
651 7 |a 5206  |2 snkbucl  |9 283253 
655 7 |a články zo zborníkov  |2 snkbucl  |9 166140 
655 7 |a články z odboru knihovníctvo  |2 snkbucl  |9 166141 
773 0 |t INFOS 81  |d Bratislava : ZSKI, 1981 
850 |a Slovenská národná knižnica v Martine  |a MTA001 
852 |a SNK  |b KIS3GCP 
958 |a RK 
958 |a KL 
992 |a RZB 
999 |c 2575412  |d 2577342